Statistics for A-Z Randomization

Click here to take the quiz!

General Stats

  • This quiz has been taken 76 times
  • The average score is 17 of 26

Answer Stats

Letter% Correct
I
93%
G
90%
D
88%
M
88%
X
88%
R
86%
P
85%
S
80%
K
78%
A
73%
E
73%
Z
71%
U
68%
Y
68%
C
64%
B
61%
H
61%
N
59%
Q
58%
V
58%
O
51%
T
42%
W
42%
F
41%
J
41%
L
37%

Score Distribution

Percentile by Number Answered

Percent of People with Each Score

Your Score History

You have not taken this quiz